[Event "Xtracon GM"]
[Site "Borup"]
[Date "2010.09.05"]
[Round "4"]
[White "Smith, Axel"]
[Black "Rostgaard, Tobias Valentin"]
[Result "1/2-1/2"]
[WhiteElo "2445"]
[BlackElo "2114"]
[PlyCount "187"]
[EventDate "2010.09.03"]
[EventType "swiss"]
[EventRounds "9"]
[EventCountry "DEN"]
[Source "ChessBase"]
[SourceDate "2010.10.29"]

1. g3 Nf6 2. Bg2 d5 3. Nf3 c6 4. c4 e6 5. Qc2 Bd6 6. d4 Ne4 7. O-O O-O 8. b3
Nd7 9. Nbd2 f5 10. Bb2 Qe8 11. Ne5 Qh5 12. e3 Qe2 13. Nef3 Nxd2 14. Qxd2 Qxd2
15. Nxd2 b6 16. a3 a5 17. Rfc1 Bb7 18. Nb1 Rfc8 19. Nc3 Ba6 20. Bf1 Bb7 21. Rc2
Kf7 22. Rac1 Ke7 23. Be2 g5 24. f3 f4 25. gxf4 gxf4 26. e4 Rg8+ 27. Kh1 dxe4
28. Nxe4 c5 29. Nxd6 Kxd6 30. Rd2 Ke7 31. d5 exd5 32. cxd5 Kd6 33. Bd3 h6 34.
Re1 Rae8 35. Rxe8 Rxe8 36. Be4 Rg8 37. Rd1 Ne5 38. Bc1 Rf8 39. a4 Ba6 40. Kg2
Bc8 41. Kf2 Bf5 42. Rg1 Nd3+ 43. Ke2 Nxc1+ 44. Rxc1 Ke5 45. Kd3 Bxe4+ 46. fxe4
f3 47. Rd1 f2 48. Ke2 Kxe4 49. d6 Ke5 50. d7 Rd8 51. Kxf2 Ke6 52. Rg1 Rf8+ 53.
Ke3 Kxd7 54. Rg7+ Ke6 55. Rb7 Kd5 56. Rxb6 Re8+ 57. Kd3 h5 58. Rb5 Re4 59. Rxa5
Rh4 60. Ra8 Rh3+ 61. Kc2 Rxh2+ 62. Kc3 Rh3+ 63. Kb2 h4 64. Rd8+ Kc6 65. Rh8 Kb6
66. Rh6+ Kb7 67. a5 Rh2+ 68. Ka3 Rg2 69. Rxh4 Ka6 70. Rc4 Kxa5 71. Rxc5+ Kb6
72. Rh5 Rg6 73. Rh7 Rf6 74. Ka4 Rf4+ 75. b4 Rf6 76. Rd7 Re6 77. Kb3 Rh6 78. Rd8
Rc6 79. Ka4 Rh6 80. Rb8+ Kc7 81. Rb5 Ra6+ 82. Kb3 Rc6 83. Re5 Kb6 84. Rd5 Rh6
85. Kc4 Rc6+ 86. Rc5 Rxc5+ 87. bxc5+ Kc6 88. Kd4 Kc7 89. Kd5 Kd7 90. c6+ Kc7
91. Kc5 Kc8 92. Kd6 Kd8 93. c7+ Kc8 94. Kc6 1/2-1/2

[Event "Xtracon GM"]
[Site "Borup"]
[Date "2010.09.05"]
[Round "4"]
[White "Strange, Mikkel"]
[Black "Jensen, Stein"]
[Result "1-0"]
[WhiteElo "2305"]
[BlackElo "2063"]
[PlyCount "65"]
[EventDate "2010.09.03"]
[EventType "swiss"]
[EventRounds "9"]
[EventCountry "DEN"]
[Source "ChessBase"]
[SourceDate "2010.10.29"]

1. e4 e5 2. Nf3 Nc6 3. Nc3 Nf6 4. a3 Bc5 5. Nxe5 Nxe5 6. d4 Bd6 7. f4 Ng6 8. e5
O-O 9. exd6 Re8+ 10. Be2 cxd6 11. O-O b6 12. f5 Nf8 13. Bg5 Bb7 14. Bf3 Bxf3
15. Qxf3 h6 16. Bh4 N8h7 17. Rae1 Qc7 18. Qd3 d5 19. Nb5 Qc4 20. Qxc4 dxc4 21.
Nd6 Rxe1 22. Rxe1 b5 23. Re7 a6 24. c3 Rb8 25. Kf1 Nd5 26. Rxf7 Re8 27. Rxg7+
Kxg7 28. Nxe8+ Kf8 29. Nd6 Nf4 30. Ne4 Nd3 31. Nc5 Nxb2 32. Ke2 Ke8 33. Nxa6
1-0

[Event "Xtracon GM"]
[Site "Borup"]
[Date "2010.09.05"]
[Round "4"]
[White "Sulskis, Sarunas"]
[Black "Tikkanen, Hans"]
[Result "1-0"]
[WhiteElo "2544"]
[BlackElo "2507"]
[PlyCount "45"]
[EventDate "2010.09.03"]
[EventType "swiss"]
[EventRounds "9"]
[EventCountry "DEN"]
[Source "ChessBase"]
[SourceDate "2010.10.29"]

1. e4 c5 2. Nf3 e6 3. d3 Nc6 4. c3 d5 5. Nbd2 Nge7 6. g3 Ng6 7. Bg2 Be7 8. O-O
O-O 9. d4 cxd4 10. cxd4 Qb6 11. h4 Rd8 12. h5 Nf8 13. h6 g6 14. Qe2 a5 15. Rd1
Qa6 16. Qe3 Nb4 17. Ne1 Qb6 18. e5 Bd7 19. a3 Nc6 20. Ndf3 a4 21. Qf4 Na5 22.
Bd2 Nb3 23. Bb4 1-0

[Event "Xtracon GM"]
[Site "Borup"]
[Date "2010.09.05"]
[Round "4"]
[White "Thomsen, Peter"]
[Black "Pedersen, Hans Dahl"]
[Result "0-1"]
[WhiteElo "1930"]
[BlackElo "2206"]
[PlyCount "80"]
[EventDate "2010.09.03"]
[EventType "swiss"]
[EventRounds "9"]
[EventCountry "DEN"]
[Source "ChessBase"]
[SourceDate "2010.10.29"]

1. d4 d5 2. Nf3 c6 3. Bf4 Nf6 4. Nbd2 Bf5 5. e3 e6 6. Bd3 Bxd3 7. cxd3 Nh5 8.
Bg5 Qc7 9. Ne5 Nf6 10. Bf4 Bd6 11. O-O O-O 12. Bg3 Na6 13. a3 Rfd8 14. b4 Qe7
15. Nb3 Nc7 16. Nc5 Rdb8 17. Qe2 a5 18. Rfc1 Na6 19. Rab1 axb4 20. axb4 Nc7 21.
Ra1 Nb5 22. Qb2 Rxa1 23. Rxa1 Qc7 24. Ra2 Rc8 25. Qa1 b6 26. Na6 Qb7 27. f3 Ra8
28. e4 h6 29. Be1 Bxe5 30. dxe5 Nd7 31. exd5 cxd5 32. f4 Ra7 33. Qc1 Rxa6 34.
Rc2 Kh7 35. Rc8 Ra1 36. Qxa1 Qxc8 37. Qb1 Qc6 38. h3 Nc3 39. Qc2 d4 40. Bf2 Qd5
0-1

[Event "Xtracon GM"]
[Site "Borup"]
[Date "2010.09.05"]
[Round "4"]
[White "Vovk, Oksana"]
[Black "Krogh, Peter Ove"]
[Result "1-0"]
[WhiteElo "2157"]
[BlackElo "1922"]
[PlyCount "85"]
[EventDate "2010.09.03"]
[EventType "swiss"]
[EventRounds "9"]
[EventCountry "DEN"]
[Source "ChessBase"]
[SourceDate "2010.10.29"]

1. d4 Nf6 2. c4 e6 3. Nf3 b6 4. a3 Bb7 5. Nc3 d6 6. d5 Nbd7 7. e4 e5 8. Bd3 Be7
9. O-O a5 10. b3 Bc8 11. Ne1 Nc5 12. h3 O-O 13. Be3 Nxd3 14. Nxd3 Ne8 15. f4
exf4 16. Bxf4 Bg5 17. Qf3 Bxf4 18. Qxf4 f6 19. e5 dxe5 20. Nxe5 Qd6 21. Nc6 Bd7
22. Nd4 Qxf4 23. Rxf4 Nd6 24. Ne4 Nxe4 25. Rxe4 Rfe8 26. Rae1 Kf7 27. Kf2 g5
28. Ne6 Bxe6 29. Rxe6 Rxe6 30. Rxe6 Rd8 31. Rc6 Rd7 32. g4 Kg6 33. b4 axb4 34.
axb4 b5 35. Ke3 bxc4 36. Kd4 c3 37. Rxc3 h5 38. Rc6 hxg4 39. hxg4 Kf7 40. b5
Re7 41. Kc5 Kg6 42. Re6 Kf7 43. Kc6 1-0

[Event "Xtracon GM"]
[Site "Borup"]
[Date "2010.09.05"]
[Round "4"]
[White "Wiecker, Stefan"]
[Black "Schmidt, Horst Hubert"]
[Result "1-0"]
[WhiteElo "2157"]
[BlackElo "1869"]
[PlyCount "129"]
[EventDate "2010.09.03"]
[EventType "swiss"]
[EventRounds "9"]
[EventCountry "DEN"]
[Source "ChessBase"]
[SourceDate "2010.10.29"]

1. e4 d6 2. d4 g6 3. Nc3 c6 4. Be3 Nf6 5. Be2 Bg7 6. f4 O-O 7. e5 Nd5 8. Nxd5
cxd5 9. Nf3 Bg4 10. O-O Nc6 11. Qd2 Bxf3 12. Rxf3 e6 13. Kh1 Rc8 14. c3 Kh8 15.
Raf1 Ne7 16. Bd3 Rg8 17. Rh3 f5 18. exf6 Bxf6 19. Bf2 e5 20. fxe5 dxe5 21. Qh6
Rg7 22. Bg3 Ng8 23. Qe3 e4 24. Bc2 Bg5 25. Qe2 Bf6 26. Bb3 Qd7 27. Qe1 Rf7 28.
Bf4 Bg7 29. Be3 Rxf1+ 30. Qxf1 Rf8 31. Qe1 Qf5 32. Kg1 Nf6 33. Bc2 Ng4 34. Rf3
Qh5 35. Rxf8+ Bxf8 36. Bf4 Bh6 37. Qg3 e3 38. h3 e2 39. Bxh6 Nxh6 40. Kf2 Nf7
41. Qf3 Qxf3+ 42. gxf3 Ng5 43. Kxe2 Nxh3 44. Ke3 g5 45. c4 Nf4 46. c5 h5 47.
Bf5 h4 48. Kf2 h3 49. Kg3 Ne2+ 50. Kxh3 Nxd4 51. Kg4 Kg7 52. Kxg5 Nxf3+ 53. Kf4
Nh4 54. Ke5 d4 55. Be4 d3 56. Bxd3 Nf3+ 57. Kd6 Nd4 58. b4 Kf6 59. a3 Nc6 60.
Kc7 a5 61. Kxb7 Nd8+ 62. Kc7 Ne6+ 63. Kd6 axb4 64. axb4 Nd8 65. Bc4 1-0

[Event "Xtracon GM"]
[Site "Borup"]
[Date "2010.09.05"]
[Round "4"]
[White "Wilton, Lars"]
[Black "Antonsen, Mikkel"]
[Result "1-0"]
[WhiteElo "2136"]
[BlackElo "2471"]
[PlyCount "61"]
[EventDate "2010.09.03"]
[EventType "swiss"]
[EventRounds "9"]
[EventCountry "DEN"]
[Source "ChessBase"]
[SourceDate "2010.10.29"]

1. d4 d5 2. Nf3 Nf6 3. c4 e6 4. Nc3 Bb4 5. Bg5 Nbd7 6. Qb3 c5 7. a3 Bxc3+ 8.
Qxc3 dxc4 9. Qxc4 b5 10. Qc3 cxd4 11. Qxd4 O-O 12. e3 h6 13. Bh4 a6 14. Be2 Nb6
15. Bxf6 gxf6 16. Qh4 Kg7 17. Rd1 Qc7 18. O-O Nd5 19. Rc1 Qb8 20. h3 Rg8 21.
Rfd1 Ne7 22. Bd3 Ng6 23. Bxg6 fxg6 24. Rc6 Ra7 25. Rdd6 Re8 26. Qd4 Qb7 27. e4
e5 28. Nxe5 Rxe5 29. Rxf6 Qe7 30. Rxg6+ Kf7 31. Rcf6+ 1-0

[Event "Xtracon GM"]
[Site "Borup"]
[Date "2010.09.09"]
[Round "5"]
[White "Antonsen, Mikkel"]
[Black "Ambirk, Jan"]
[Result "1-0"]
[WhiteElo "2471"]
[BlackElo "2136"]
[PlyCount "51"]
[EventDate "2010.09.03"]
[EventType "swiss"]
[EventRounds "9"]
[EventCountry "DEN"]
[Source "ChessBase"]
[SourceDate "2010.10.29"]

1. d4 f5 2. Nc3 Nf6 3. Bg5 d5 4. Bxf6 exf6 5. e3 c6 6. Bd3 Bd6 7. Qf3 g6 8. h3
Be6 9. g4 fxg4 10. hxg4 Bf7 11. O-O-O Nd7 12. e4 Qe7 13. exd5 Bxd5 14. Nxd5
cxd5 15. Qxd5 O-O-O 16. Kb1 Nb6 17. Qf3 Kb8 18. c4 Bb4 19. Ne2 Na4 20. Bc2 Nb6
21. c5 Nc4 22. Ka1 Rhe8 23. Bd3 Qf7 24. Qf4+ Ka8 25. d5 Ne5 26. Bb5 1-0

[Event "Xtracon GM"]
[Site "Borup"]
[Date "2010.09.09"]
[Round "5"]
[White "Baekgaard, Martin"]
[Black "Andersen, Morten"]
[Result "0-1"]
[WhiteElo "2276"]
[BlackElo "2179"]
[PlyCount "64"]
[EventDate "2010.09.03"]
[EventType "swiss"]
[EventRounds "9"]
[EventCountry "DEN"]
[Source "ChessBase"]
[SourceDate "2010.10.29"]

1. d4 Nf6 2. c4 e6 3. Nf3 b6 4. a3 Ba6 5. Qc2 Bb7 6. Nc3 c5 7. e4 Nc6 8. d5 Nd4
9. Qd1 Nxf3+ 10. Qxf3 d6 11. Be2 Be7 12. Qg3 O-O 13. O-O exd5 14. cxd5 a6 15.
a4 Nd7 16. Bf4 Qb8 17. Rab1 Ne5 18. b4 Bf6 19. bxc5 bxc5 20. Bd2 Qc7 21. f4 Nd7
22. Bf3 Rab8 23. Kh1 Ba8 24. Bg4 Rb4 25. Bxd7 Qxd7 26. e5 Be7 27. Rbe1 dxe5 28.
fxe5 Bh4 29. Qf3 Bxe1 30. Bxe1 Qg4 31. Qf2 Qd4 32. Qf5 Bxd5 0-1

[Event "Xtracon GM"]
[Site "Borup"]
[Date "2010.09.09"]
[Round "5"]
[White "Brondum, Eric"]
[Black "Sorensen, Dick"]
[Result "1/2-1/2"]
[WhiteElo "2105"]
[BlackElo "1966"]
[PlyCount "50"]
[EventDate "2010.09.03"]
[EventType "swiss"]
[EventRounds "9"]
[EventCountry "DEN"]
[Source "ChessBase"]
[SourceDate "2010.10.29"]

1. e4 g6 2. d4 Bg7 3. Nc3 d6 4. f4 Nf6 5. Nf3 O-O 6. Be3 c6 7. Bd3 b5 8. a3 a6
9. O-O Ng4 10. Bd2 Qb6 11. Qe1 Bxd4+ 12. Nxd4 Qxd4+ 13. Kh1 Qg7 14. Qh4 Qh6 15.
Qg3 f5 16. Rae1 Ra7 17. Kg1 e6 18. exf5 exf5 19. Ne2 c5 20. c4 Bd7 21. Nc3 Qg7
22. b3 Qd4+ 23. Kh1 Bc6 24. h3 Nf6 25. Qe3 Qxe3 1/2-1/2

[Event "Xtracon GM"]
[Site "Borup"]
[Date "2010.09.09"]
[Round "5"]
[White "Christensen, Henrik"]
[Black "Strange, Mikkel"]
[Result "0-1"]
[WhiteElo "2014"]
[BlackElo "2305"]
[PlyCount "78"]
[EventDate "2010.09.03"]
[EventType "swiss"]
[EventRounds "9"]
[EventCountry "DEN"]
[Source "ChessBase"]
[SourceDate "2010.10.29"]

1. d4 d5 2. Nf3 e6 3. c4 c5 4. dxc5 Nc6 5. cxd5 exd5 6. g3 Bxc5 7. Bg2 Nf6 8.
O-O O-O 9. Bg5 Be6 10. Nbd2 Bb6 11. Nb3 h6 12. Bf4 Nh5 13. Be5 Nxe5 14. Nxe5
Qf6 15. Nd3 Rad8 16. Qd2 Rfe8 17. e3 Bg4 18. Ne1 d4 19. e4 d3 20. Nc1 Ba5 21.
Qxa5 d2 22. Ned3 d1=Q 23. Rxd1 Bxd1 24. Qd2 Bf3 25. Qe3 Bxg2 26. Kxg2 Qc6 27.
f3 Nf6 28. a4 a6 29. Ra3 Qc2+ 30. Qf2 Qd1 31. Qf1 Qc2+ 32. Qf2 Qc6 33. a5 Rc8
34. Rb3 Red8 35. Rb6 Qc2 36. Rxb7 Rxd3 37. Nxd3 Qxd3 38. Qa7 Rc2+ 39. Kh3 Qf1+
0-1

[Event "Xtracon GM"]
[Site "Borup"]
[Date "2010.09.09"]
[Round "5"]
[White "Christensen, John"]
[Black "Christensen, Casper"]
[Result "0-1"]
[WhiteElo "2106"]
[BlackElo "1897"]
[PlyCount "112"]
[EventDate "2010.09.03"]
[EventType "swiss"]
[EventRounds "9"]
[EventCountry "DEN"]
[Source "ChessBase"]
[SourceDate "2010.10.29"]

1. Nf3 c5 2. c4 d6 3. d4 cxd4 4. Nxd4 Nc6 5. Nc3 g6 6. e3 Bg7 7. Be2 Nf6 8. O-O
O-O 9. Bf3 Bd7 10. b3 a6 11. Bb2 Rb8 12. Nxc6 bxc6 13. Qe2 Qc8 14. Na4 c5 15.
Nc3 Bh6 16. Rad1 Qc7 17. Ba1 e6 18. Qb2 Bg7 19. Qd2 Rb6 20. e4 Rd8 21. Ne2 Bc6
22. Bc3 Nxe4 23. Bxe4 Bxe4 24. Ba5 Bc6 25. Qg5 Rd7 26. Bxb6 Qxb6 27. Kh1 a5 28.
Qg3 d5 29. Nc1 a4 30. Rfe1 Ra7 31. h4 d4 32. h5 Be8 33. hxg6 hxg6 34. f4 Re7
35. Qg5 f6 36. Qg3 e5 37. fxe5 fxe5 38. Re4 axb3 39. axb3 Bd7 40. Qg5 Re8 41.
Rf1 Qc6 42. Rh4 e4 43. Rh2 Re5 44. Qd8+ Be8 45. Ne2 g5 46. Ng3 e3 47. b4 Qd7
48. Qb8 e2 49. Nxe2 Rxe2 50. Rh5 Qg4 51. Rh2 d3 52. Qd6 Qe4 53. Qg3 d2 54. Qh3
d1=Q 55. Rxd1 Re1+ 56. Rxe1 Qxe1# 0-1

[Event "Xtracon GM"]
[Site "Borup"]
[Date "2010.09.09"]
[Round "5"]
[White "Drozdovskij, Yuri"]
[Black "Sulskis, Sarunas"]
[Result "1-0"]
[WhiteElo "2608"]
[BlackElo "2544"]
[PlyCount "151"]
[EventDate "2010.09.03"]
[EventType "swiss"]
[EventRounds "9"]
[EventCountry "DEN"]
[Source "ChessBase"]
[SourceDate "2010.10.29"]

1. d4 d5 2. c4 c6 3. Nf3 Nf6 4. e3 Bg4 5. h3 Bxf3 6. Qxf3 e6 7. Bd3 Nbd7 8. O-O
Bd6 9. Nd2 O-O 10. e4 dxe4 11. Nxe4 Nxe4 12. Qxe4 Nf6 13. Qh4 Re8 14. Be3 h6
15. Rfe1 e5 16. Rad1 exd4 17. Bxd4 Rxe1+ 18. Rxe1 Bc5 19. Bxc5 Qxd3 20. Re3
Qd1+ 21. Kh2 Nd7 22. Bb4 Nf8 23. Qe7 Qd7 24. Qxd7 Nxd7 25. Re7 Rd8 26. Bd6 Nb6
27. Bc5 Nxc4 28. Rxb7 a5 29. b3 Rd5 30. Ba7 Ne5 31. Be3 Nd3 32. Ra7 Nb4 33. a4
Nc2 34. Bb6 Rd3 35. Rxa5 Rxb3 36. Ra8+ Kh7 37. a5 Nb4 38. a6 Nd5 39. Bc5 Rb5
40. Bd4 Rb4 41. a7 Rxd4 42. Rd8 Ra4 43. a8=Q Rxa8 44. Rxa8 Kg6 45. Kg3 Kf5 46.
Kf3 h5 47. Re8 g6 48. g3 g5 49. Re4 f6 50. Rc4 Ne7 51. Rc5+ Kg6 52. Ke4 Kf7 53.
f4 Kg6 54. fxg5 fxg5 55. Ke5 Kf7 56. Rc1 h4 57. g4 Kg6 58. Kd6 Nd5 59. Rxc6 Nf4
60. Ke5+ Kg7 61. Rc3 Ne2 62. Ra3 Ng3 63. Ra7+ Kg6 64. Rd7 Ne2 65. Rd6+ Kg7 66.
Rd7+ Kg6 67. Rd8 Nf4 68. Rg8+ Kf7 69. Rxg5 Nxh3 70. Rh5 Ng1 71. Kf5 h3 72. g5
Kg7 73. g6 Nf3 74. Rh7+ Kg8 75. Rxh3 Nd2 76. Rd3 1-0

[Event "Xtracon GM"]
[Site "Borup"]
[Date "2010.09.09"]
[Round "5"]
[White "Frisk, Ellinor"]
[Black "Christensen, Verner"]
[Result "1-0"]
[WhiteElo "2113"]
[BlackElo "1968"]
[PlyCount "79"]
[EventDate "2010.09.03"]
[EventType "swiss"]
[EventRounds "9"]
[EventCountry "DEN"]
[Source "ChessBase"]
[SourceDate "2010.10.29"]

1. e4 e5 2. Nf3 Nc6 3. d4 exd4 4. Nxd4 Bc5 5. Nb3 Bb6 6. Qe2 Nge7 7. Nc3 O-O 8.
Be3 d6 9. O-O-O Na5 10. Nd4 Bd7 11. f4 Re8 12. Qd2 Qc8 13. f5 f6 14. g4 Nec6
15. Nxc6 Bxe3 16. Ne7+ Rxe7 17. Qxe3 Be8 18. Qd2 Nc6 19. Bc4+ Bf7 20. Nd5 Re5
21. g5 fxg5 22. Qxg5 Qf8 23. Qg4 Bxd5 24. Bxd5+ Kh8 25. Rhg1 Qf6 26. Kb1 Ne7
27. Bb3 a5 28. a3 b5 29. Rg3 Ng8 30. Rdg1 Re7 31. Rh3 Nh6 32. Qg2 Rb8 33. Be6
a4 34. c3 c5 35. Qd2 Rd8 36. Qd5 b4 37. axb4 cxb4 38. cxb4 Rb8 39. Qxd6 Qf8 40.
Rxh6 1-0

[Event "Xtracon GM"]
[Site "Borup"]
[Date "2010.09.09"]
[Round "5"]
[White "Hansen, Jakob"]
[Black "Andersen, Daniel"]
[Result "0-1"]
[WhiteElo "1999"]
[BlackElo "1940"]
[PlyCount "72"]
[EventDate "2010.09.03"]
[EventType "swiss"]
[EventRounds "9"]
[EventCountry "DEN"]
[Source "ChessBase"]
[SourceDate "2010.10.29"]

1. e4 g6 2. g3 Bg7 3. Bg2 c5 4. Nc3 Nc6 5. Nf3 e6 6. O-O Nge7 7. Nb5 d6 8. d4
a6 9. d5 axb5 10. dxc6 bxc6 11. Re1 O-O 12. c3 b4 13. c4 d5 14. cxd5 cxd5 15.
exd5 Nxd5 16. Qc2 Qc7 17. Bd2 Bb7 18. Ng5 h6 19. Ne4 c4 20. Qc1 Kh7 21. Be3
Nxe3 22. Rxe3 Rfc8 23. g4 f5 24. gxf5 exf5 25. Nd2 Bxg2 26. Kxg2 c3 27. bxc3
bxc3 28. Rb1 cxd2 29. Qxd2 Rd8 30. Qe2 Qc6+ 31. f3 Ra7 32. Re1 Rad7 33. Kh3 Rd2
34. Qf1 f4 35. Re8 Qc8+ 36. R8e6 R8d6 0-1

[Event "Xtracon GM"]
[Site "Borup"]
[Date "2010.09.09"]
[Round "5"]
[White "Hillarp Persson, Tiger"]
[Black "Miezis, Normunds"]
[Result "1-0"]
[WhiteElo "2517"]
[BlackElo "2519"]
[PlyCount "81"]
[EventDate "2010.09.03"]
[EventType "swiss"]
[EventRounds "9"]
[EventCountry "DEN"]
[Source "ChessBase"]
[SourceDate "2010.10.29"]

1. e4 c5 2. Nf3 e6 3. d4 cxd4 4. Nxd4 a6 5. Bd3 Nc6 6. Nxc6 dxc6 7. Nd2 e5 8.
Nc4 Nf6 9. O-O Qc7 10. Bd2 Nd7 11. a4 Be7 12. a5 O-O 13. Qh5 g6 14. Qf3 f6 15.
Rad1 Rb8 16. Bh6 Re8 17. Be2 Nc5 18. Nb6 Ne6 19. Bc4 Kh8 20. c3 Nf4 21. Rd2 Rd8
22. Rxd8+ Bxd8 23. Rd1 Be7 24. h4 f5 25. Nxc8 Rxc8 26. g3 fxe4 27. Qg4 Nd5 28.
Bxd5 cxd5 29. Rxd5 Bf8 30. Be3 Bg7 31. Rc5 Qxc5 32. Bxc5 Rxc5 33. Qxe4 Rxa5 34.
Qxb7 h5 35. Kg2 Kh7 36. b4 Ra3 37. c4 Rb3 38. c5 e4 39. Qxe4 a5 40. bxa5 Rb5
41. a6 1-0

[Event "Xtracon GM"]
[Site "Borup"]
[Date "2010.09.09"]
[Round "5"]
[White "Hoi, Carsten"]
[Black "Kulaots, Kaido"]
[Result "0-1"]
[WhiteElo "2419"]
[BlackElo "2592"]
[PlyCount "76"]
[EventDate "2010.09.03"]
[EventType "swiss"]
[EventRounds "9"]
[EventCountry "DEN"]
[Source "ChessBase"]
[SourceDate "2010.10.29"]

1. Nf3 Nf6 2. c4 g6 3. d4 Bg7 4. Nc3 d5 5. e3 O-O 6. cxd5 Nxd5 7. Bc4 Nxc3 8.
bxc3 c5 9. O-O Qc7 10. Bb3 Nc6 11. h3 b6 12. Qe2 Bb7 13. Rd1 Na5 14. Bb2 Rfd8
15. e4 e6 16. Qe3 cxd4 17. Nxd4 Nc4 18. Bxc4 Qxc4 19. f3 Rd7 20. Rd2 Rad8 21.
Rad1 h5 22. g4 h4 23. Ba3 Qa4 24. Nc2 Qc6 25. Nd4 Qc7 26. Qf2 Qxc3 27. Bb2 Qc5
28. Kg2 e5 29. Nb3 Rxd2 30. Rxd2 Rxd2 31. Qxd2 Qc7 32. Nc1 Ba6 33. a3 Bf6 34.
Kh2 Kg7 35. Na2 Qc4 36. Nb4 Bg5 37. Qf2 Bf4+ 38. Kg2 Bg3 0-1

[Event "Xtracon GM"]
[Site "Borup"]
[Date "2010.09.09"]
[Round "5"]
[White "Jensen, Soren Holm"]
[Black "Molvig, Julius"]
[Result "1-0"]
[WhiteElo "2024"]
[BlackElo "1801"]
[PlyCount "53"]
[EventDate "2010.09.03"]
[EventType "swiss"]
[EventRounds "9"]
[EventCountry "DEN"]
[Source "ChessBase"]
[SourceDate "2010.10.29"]

1. e4 c5 2. Nf3 d6 3. d4 cxd4 4. Qxd4 Nc6 5. Bb5 Bd7 6. Bxc6 Bxc6 7. Nc3 Nf6 8.
Bg5 e6 9. O-O-O Be7 10. Rhe1 O-O 11. Qd2 Qb6 12. Nd4 Rfd8 13. f4 a5 14. g4 Qc7
15. Bxf6 Bxf6 16. g5 Be7 17. f5 e5 18. Nf3 Bf8 19. f6 g6 20. h4 h5 21. gxh6 Qc8
22. Rg1 Qe6 23. Qg5 Kh7 24. h5 Bxh6 25. hxg6+ fxg6 26. Qxh6+ Kxh6 27. Rh1+ 1-0

[Event "Xtracon GM"]
[Site "Borup"]
[Date "2010.09.09"]
[Round "5"]
[White "Jensen, Stein"]
[Black "Larsson, Johan"]
[Result "1-0"]
[WhiteElo "2063"]
[BlackElo "2130"]
[PlyCount "29"]
[EventDate "2010.09.03"]
[EventType "swiss"]
[EventRounds "9"]
[EventCountry "DEN"]
[Source "ChessBase"]
[SourceDate "2010.10.29"]

1. e4 e5 2. Nf3 d6 3. d4 Nf6 4. Nc3 exd4 5. Nxd4 a6 6. Bc4 Qe7 7. O-O Qe5 8.
Nd5 Kd7 9. Re1 b5 10. Bf4 Qh5 11. Nxf6+ Ke7 12. Nd5+ Kd7 13. Bxb5+ c6 14. Qxh5
axb5 15. Qxf7+ 1-0

[Event "Xtracon GM"]
[Site "Borup"]
[Date "2010.09.09"]
[Round "5"]
[White "Jorgensen, Morten"]
[Black "Skovle, Lars"]
[Result "1-0"]
[WhiteElo "1785"]
[BlackElo "1705"]
[PlyCount "111"]
[EventDate "2010.09.03"]
[EventType "swiss"]
[EventRounds "9"]
[EventCountry "DEN"]
[Source "ChessBase"]
[SourceDate "2010.10.29"]

1. d4 f5 2. c4 Nf6 3. Nc3 e6 4. Nf3 Be7 5. Qc2 O-O 6. e3 d6 7. Be2 Qe8 8. e4
fxe4 9. Nxe4 Nc6 10. a3 h6 11. b4 a6 12. Bb2 Bd7 13. Ng3 Qf7 14. O-O Rae8 15.
Nh4 Rc8 16. Ng6 Rfd8 17. Rae1 Nh7 18. Bh5 Bf6 19. Nf4 Qe7 20. Nf5 Qf8 21. Ng6
exf5 22. Nxf8 Rxf8 23. d5 Ne5 24. Bxe5 Bxe5 25. f4 Bd4+ 26. Kh1 Nf6 27. Qd1 c5
28. bxc5 Bxc5 29. Bf3 Bxa3 30. Qb3 Bc5 31. Qxb7 a5 32. Re7 Rfd8 33. Qb2 a4 34.
h3 a3 35. Qa2 Rb8 36. Re2 Ba4 37. Rb1 Kf7 38. Rxb8 Rxb8 39. Kh2 Bb3 40. Qa1
Bxc4 41. Rc2 Bd3 42. Rxc5 dxc5 43. Qxa3 Bb5 44. Qa7+ Nd7 45. d6 Ke6 46. Qc7 Rb6
47. Qd8 Kxd6 48. Qg8 c4 49. Bd5 c3 50. Qe6+ Kc7 51. Qxf5 Rf6 52. Qc2 Kd6 53.
Bf3 Nc5 54. Qxc3 Nd3 55. Qd4+ Kc7 56. Qa7+ 1-0

[Event "Xtracon GM"]
[Site "Borup"]
[Date "2010.09.09"]
[Round "5"]
[White "Knudsen, Jes West"]
[Black "Eriksson, Christian Altenburg"]
[Result "0-1"]
[WhiteElo "1996"]
[BlackElo "2152"]
[PlyCount "122"]
[EventDate "2010.09.03"]
[EventType "swiss"]
[EventRounds "9"]
[EventCountry "DEN"]
[Source "ChessBase"]
[SourceDate "2010.10.29"]

1. e4 c5 2. d3 Nc6 3. Nd2 g6 4. h4 h5 5. Nc4 d5 6. exd5 Qxd5 7. Be2 Nd4 8. Ne3
Qc6 9. Bd2 Nxe2 10. Nxe2 Bg7 11. Bc3 Bxc3+ 12. Nxc3 Nf6 13. Qd2 Be6 14. O-O-O
O-O-O 15. Qe2 Rd7 16. Nc4 Rd4 17. a4 a6 18. Ne5 Qd6 19. Rhe1 Rg8 20. g3 Nd7 21.
f4 Nxe5 22. Qxe5 Rd8 23. Ne4 Qxe5 24. fxe5 Bg4 25. Rd2 Rxa4 26. Kb1 Ra5 27. Rf2
Be6 28. Ng5 Ba2+ 29. Kc1 c4 30. Nxf7 Rdd5 31. Re3 cxd3 32. cxd3 Rac5+ 33. Kd2
Rb5 34. Kd1 Rdc5 35. d4 Rc4 36. Rc3 Rxc3 37. bxc3 Bd5 38. Ng5 Rb1+ 39. Kc2 Rg1
40. Rf8+ Kc7 41. Re8 Rg2+ 42. Kd1 Kd7 43. Rb8 Rxg3 44. c4 Bxc4 45. Rxb7+ Kc8
46. Rxe7 Rd3+ 47. Kc2 Rxd4 48. Rg7 Rxh4 49. Rxg6 Rg4 50. Kc3 Bd5 51. Rd6 Bg8
52. Ne6 Bxe6 53. Rxe6 a5 54. Rh6 h4 55. Kb3 Kd7 56. Rd6+ Ke7 57. Rh6 Re4 58.
Kb2 Kf7 59. Ka3 Kg7 60. Rd6 h3 61. Rd2 Rh4 0-1

[Event "Xtracon GM"]
[Site "Borup"]
[Date "2010.09.09"]
[Round "5"]
[White "Kokholm, Daniel"]
[Black "Holtzmann, Sonny Reimer"]
[Result "1/2-1/2"]
[WhiteElo "1951"]
[BlackElo "1738"]
[PlyCount "193"]
[EventDate "2010.09.03"]
[EventType "swiss"]
[EventRounds "9"]
[EventCountry "DEN"]
[Source "ChessBase"]
[SourceDate "2010.10.29"]

1. d4 Nf6 2. Nc3 d5 3. e4 dxe4 4. f3 exf3 5. Nxf3 c6 6. Be3 Bf5 7. Bc4 e6 8.
O-O Be7 9. Ne5 Bg6 10. Qe2 Nbd7 11. Nxg6 hxg6 12. Qf3 Qc7 13. h3 O-O-O 14. a4
Nb6 15. Bd3 Nbd5 16. Nxd5 Nxd5 17. Qxf7 Nxe3 18. Qxe6+ Qd7 19. Qxe3 Qxd4 20.
Qxd4 Rxd4 21. Bxg6 Bc5 22. Kh1 Rf8 23. Rxf8+ Bxf8 24. b3 Rf4 25. Re1 Kd7 26.
Rd1+ Bd6 27. Re1 Rf6 28. Bd3 Bg3 29. Re4 Re6 30. Kg1 Rxe4 31. Bxe4 Kd6 32. Kf1
Ke5 33. Bg6 Kf6 34. Bd3 c5 35. Ke2 Ke5 36. Kf3 Bh4 37. Kg4 Bd8 38. Kh5 g5 39.
Kg6 a5 40. Kf7 Kd6 41. Bc4 b6 42. Bb5 Be7 43. Bd3 Bd8 44. Bc4 Be7 45. Be6 Bd8
46. Bf5 Be7 47. Kg6 Ke5 48. Bd3 Bd8 49. Bb5 Be7 50. Bd7 Bd8 51. Bc8 Be7 52. Bb7
Bd8 53. Ba6 Be7 54. Bd3 Bd8 55. g3 Be7 56. Kh5 Kf6 57. h4 gxh4 58. Kxh4 Bd6 59.
Bc4 Be5 60. Bd3 Bd6 61. Kg4 Be5 62. Kf3 Ke7 63. g4 Bf6 64. Kf4 Bc3 65. Kf5 Bg7
66. g5 Bc3 67. Bc4 Bd4 68. Ke4 Kd6 69. g6 Bg7 70. Bg8 Bc3 71. Kd3 Bg7 72. Kc4
Bd4 73. Bf7 Bg7 74. Kd3 Bf6 75. Ke4 Bc3 76. Bc4 Bg7 77. Kf5 Ke7 78. Kg5 Kd6 79.
Bg8 Ke7 80. Bc4 Kd6 81. Kf5 Ke7 82. Bd5 Bc3 83. Ke4 Kd6 84. Kd3 Bg7 85. Kc4 Bf6
86. Bb7 Bg7 87. Bd5 Bf6 88. Bf7 Bg7 89. c3 Bf6 90. b4 cxb4 91. cxb4 axb4 92.
Kxb4 Ke7 93. Kb5 Bd4 94. Bd5 Kf8 95. g7+ Kxg7 96. a5 bxa5 97. Kxa5 1/2-1/2